000 00300nam a22001337a 4500
008 170816b xxu||||| |||| 00| 0 eng d
020 _a9780132018173
041 _aeng
080 _27TH
_a51
100 _a36
101 _aMAT
245 _aA FIRST COURSE IN PROBABILITY
_cROSS,SH
942 _2udc
_cBK
999 _c23622
_d23622